000 00456nam a2200181Ia 4500
003 OSt
005 20260202114223.0
008 210210b1954 xxu||||| |||| 00| 0 eng d
040 _cAL
041 _aKannada
082 _a853/40
100 _aANANDARAV (M)
_9160476
_dಆನಂದರಾವ್ (ಎಂ)
245 _aNataraja:
_bನಟರಾಜ
260 _aBallari
_b-
_c1954
690 _aKannada Drama
_9160477
906 _a019312
942 _2ddc
_cBK
999 _c143433
_d143433